| 000 | 00000nam##2200000za#4500 |
| 001 | 9.680838 |
| 003 | CaOODSP |
| 005 | 20240212134143 |
| 007 | ta |
| 008 | 150407|2000||||xxc||||| f|0| 0 fre|d |
| 020 | |a0-662-83884-X |
| 040 | |aCaOODSP|bfre |
| 043 | |an-cn--- |
| 086 | 1 |aNE23-79/1999F |
| 110 | 1 |aCanada. |bOffice national de l'énergie. |
| 245 | 10|aÉvaluation des ressources gazières du nord-est de la Colombie-Britannique : |bdocument de travail par l'Office national de l'énergie |
| 250 | |aRévisé en novembre 1999. |
| 260 | |aCalgary - Alberta : |bOffice national de l'énergie |c2000. |
| 300 | |aiii, 22p. : |bfigures, graphiques, références, tableaux ; |c28 cm. |
| 500 | |a«Ce document de travail vise à décrire la méthodologie proposée par l'Office pour compléter les rapports et les méthodes existants d'évaluation des ressources. La région spécifique, le nord-est de la Colombie-Britannique, a été retenue à titre d'exemple d'application de la méthodologie. Les conclusions et estimations découlant de cette étude seront toutefois utilisées à l'appui de l'évaluation en cours par l'Office de l'approvisionnement en gaz de l'Ouest canadien et elle a été exécutée afin de compléter une étude existante disponible pour l'Alberta.»--Avant-propos. |
| 520 | 3 |aCe document de travail vise à décrire la méthodologie proposée par l'Office pour compléter les rapports et les méthodes existants d'évaluation des ressources. La région spécifique, le nord-est de la Colombie-Britannique, a été retenue à titre d'exemple d'application de la méthodologie. Les conclusions et estimations découlant de cette étude seront toutefois utilisées à l'appui de l'évaluation en cours par l'Office de l'approvisionnement en gaz de l'Ouest canadien et elle a été exécutée afin de compléter une étude existante disponible pour l'Alberta.--Avant-propos |
| 563 | |aCouverture souple |
| 590 | |a00-08|b2000-02-25 |
| 691 | 07|aGaz naturel|2gcpds |
| 775 | 08|tNatural gas resource assessment, northeast British Columbia : |w(CaOODSP)9.647406 |
| 776 | 0#|tÉvaluation des ressources gazières du nord-est de la Colombie-Britannique : |w(CaOODSP)9.640103 |